[Event "Frauenbundesliga 2011-12"]
[Site "Germany GER"]
[Date "2011.12.18"]
[Round "5.1"]
[White "Jaracz,B"]
[Black "Burchardt,B"]
[Result "1-0"]
[WhiteTitle "WGM"]
[BlackTitle "WIM"]
[WhiteElo "2272"]
[BlackElo "2224"]
[WhiteTeam "SV Chemie Guben"]
[BlackTeam "Rotation Pankow"]
[WhiteFideId "1107453"]
[BlackFideId "4612213"]
[EventDate "2011.10.29"]
[EventType "team"]

1. e4 c5 2. Nf3 d6 3. d4 cxd4 4. Nxd4 Nf6 5. Nc3 a6 6. Bc4 e6 7. Bb3 Qc7 8. O-O
Be7 9. Qf3 O-O 10. Be3 Nc6 11. Qg3 Ne5 12. Rad1 b5 13. a3 Kh8 14. f4 Nc4 15.
Bxc4 bxc4 16. e5 Nd7 17. exd6 Bxd6 18. Ndb5 axb5 19. Nxb5 Qc6 20. Nxd6 Bb7 21.
Nxb7 Qxb7 22. Bd4 f6 23. Rfe1 Rfe8 24. Qe3 Rac8 25. Qe4 Qxe4 26. Rxe4 f5 27.
Bxg7+ Kxg7 28. Rxd7+ Kg6 29. Re3 h5 30. Rg3+ Kh6 31. h4 e5 32. Rd6+ Kh7 33. Rg5
exf4 34. Rxh5+ Kg7 35. Rg5+ Kh7 36. Rxf5 Re2 37. Rf7+ Kg8 38. Rxf4 Rxc2 39. Rf2
Rc1+ 40. Kh2 c3 41. bxc3 R1xc3 42. Ra6 R8c4 43. g3 Rg4 44. Rg2 Kg7 45. Kh3 Re4
46. Rb2 Re7 47. a4 Ra3 48. Rb5 Kh7 49. Rh5+ Kg7 50. Rg5+ Kh7 51. Kg4 Kh8 52.
Rh6+ Rh7 53. Rxh7+ 1-0

[Event "Frauenbundesliga 2011-12"]
[Site "Germany GER"]
[Date "2011.12.18"]
[Round "5.2"]
[White "Goehler,A"]
[Black "Fojudzka,Anna"]
[Result "1-0"]
[WhiteTitle "WIM"]
[BlackTitle "WIM"]
[WhiteElo "2134"]
[BlackElo "2205"]
[WhiteTeam "Rotation Pankow"]
[BlackTeam "SV Chemie Guben"]
[WhiteFideId "4612469"]
[BlackFideId "1112074"]
[EventDate "2011.10.29"]
[EventType "team"]

1. d4 e6 2. Nf3 b6 3. c4 f5 4. Nc3 Bb7 5. d5 exd5 6. cxd5 Nf6 7. Bg5 Bb4 8. Qd4
Qe7 9. Bxf6 gxf6 10. O-O-O Na6 11. e3 Rg8 12. h3 O-O-O 13. a3 Bxc3 14. Qxc3 Qc5
15. Bxa6 Qxc3+ 16. bxc3 Bxa6 17. Nh4 Rg5 18. Rd4 Re8 19. Rhd1 d6 20. Rf4 Re4 21.
Rd4 Rxf4 22. Rxf4 Bf1 23. c4 Kd7 24. Kd2 Ke8 25. Nxf5 Bxg2 26. h4 Rg8 27. Nd4
Kf7 28. Nb5 Rc8 29. Nxa7 Ra8 30. Nb5 Bf1 31. Kc3 Rc8 32. Kb4 Bd3 33. Nd4 Ra8 34.
Nb5 Rc8 35. Nc3 Re8 36. Rd4 Bf1 37. Ne4 Ra8 38. Ng3 Bh3 39. Rf4 Bd7 40. Ne4 f5
41. Ng3 Kg6 42. e4 fxe4 43. Rxe4 Ra4+ 44. Kb3 Ra7 45. Re7 Ba4+ 46. Kb2 b5 47. c5
dxc5 48. d6 Ra8 49. dxc7 b4 50. axb4 cxb4 51. Ne4 Bb5 52. Nd6 Ba6 53. Rd7 Rf8
54. Ne4 Kf5 55. Rd8 1-0

[Event "Frauenbundesliga 2011-12"]
[Site "Germany GER"]
[Date "2011.12.18"]
[Round "5.3"]
[White "Sikorska,A1"]
[Black "Schulz,Stefan1"]
[Result "1-0"]
[BlackTitle "WFM"]
[WhiteElo "2092"]
[BlackElo "2075"]
[WhiteTeam "SV Chemie Guben"]
[BlackTeam "Rotation Pankow"]
[WhiteFideId "1129821"]
[BlackFideId "4693060"]
[EventDate "2011.10.29"]
[EventType "team"]

1. e4 c5 2. Nf3 Nc6 3. d4 cxd4 4. Nxd4 g6 5. Nc3 Bg7 6. Be3 Nf6 7. f3 O-O 8. Bc4
Na5 9. Be2 d5 10. e5 Ne8 11. f4 Nc7 12. O-O e6 13. Qe1 Nc6 14. g4 f6 15. Qg3
fxe5 16. Nxc6 bxc6 17. fxe5 Ba6 18. Bc5 Rxf1+ 19. Rxf1 Bxe2 20. Nxe2 Na6 21. Bd6
Qb6+ 22. Qf2 Rd8 23. Nd4 Rd7 24. Nxe6 Rf7 25. Qxb6 Rxf1+ 26. Kxf1 axb6 27. Nd8
Bf8 28. Nxc6 Nc5 29. Ne7+ Bxe7 30. Bxe7 Ne6 31. Ke2 Kf7 32. Bf6 Ke8 33. Kd3 Kd7
34. c4 Kc6 35. cxd5+ Kxd5 36. h4 b5 37. Ke3 Nc5 38. h5 Ne6 39. hxg6 hxg6 40. Kd3
Nd4 41. b4 Nc6 42. Kc3 Nd4 43. Bg7 Ne2+ 44. Kb2 Nd4 45. a4 bxa4 46. Ka3 Kc6 47.
Kxa4 Kb6 48. Bf8 Kc6 49. Bc5 Ne6 50. Bd6 Nd4 51. Ka5 Nb5 52. Bb8 Nd4 53. Ka6 g5
54. Bd6 Nb5 55. Be7 Nc7+ 56. Ka5 Ne6 57. b5+ Kb7 58. b6 Nd4 59. Bf6 Nb3+ 60. Kb5
Nd4+ 61. Kc5 Ne6+ 62. Kd6 Nd4 63. e6 1-0

[Event "Frauenbundesliga 2011-12"]
[Site "Germany GER"]
[Date "2011.12.18"]
[Round "5.4"]
[White "Mai,I"]
[Black "Demidowicz,M"]
[Result "1/2-1/2"]
[WhiteTitle "WIM"]
[WhiteElo "2115"]
[BlackElo "2077"]
[WhiteTeam "Rotation Pankow"]
[BlackTeam "SV Chemie Guben"]
[WhiteFideId "4627393"]
[BlackFideId "1130544"]
[EventDate "2011.10.29"]
[EventType "team"]

1. d4 Nf6 2. Nf3 g6 3. c4 Bg7 4. Nc3 O-O 5. e4 d6 6. Be2 e5 7. O-O Nc6 8. Be3
Ng4 9. Bg5 f6 10. Bh4 g5 11. Bg3 Nh6 12. d5 Ne7 13. b4 Ng6 14. Nd2 Nf4 15. c5 f5
16. f3 g4 17. Rc1 Nxe2+ 18. Nxe2 gxf3 19. gxf3 f4 20. Be1 Bh3 21. Rf2 Bf6 22.
Nc3 Kh8 23. Kh1 Rg8 24. Nc4 Qe7 25. Qe2 Bh4 26. Rf1 Bg2+ 27. Qxg2 Rxg2 28. Kxg2
Bxe1 29. Rcxe1 dxc5 30. b5 Nf7 31. a4 Ng5 32. Kh1 Rg8 33. Re2 h5 34. Rg2 Nf7 35.
Nd1 Rxg2 36. Kxg2 Qd7 37. Ndb2 h4 38. Nd3 h3+ 39. Kf2 Qe7 40. Rg1 Kh7 41. Rg4 a6
42. bxa6 bxa6 43. Ke2 Kh6 44. Rg1 Kh5 45. Rg7 Qf6 46. Rg1 Nd6 47. Nd2 c4 48. Nc5
c3 49. Nb1 Nc4 50. Ne6 c2 51. Nd2 Ne3 52. Nb3 Kh6 53. Nbc5 c1=Q 54. Rxc1 Qg6 55.
Nd3 Qg2+ 56. Nf2 Qxh2 57. Rh1 Qg2 58. Rxh3+ Kg6 59. Rh1 Nc2 60. Rc1 Nd4+ 61.
Nxd4 exd4 62. Rd1 Kh5 63. Rh1+ Kg6 64. Rd1 Kh5 65. Rh1+ Kg6 66. Rd1 d3+ 67. Rxd3
Kh5 68. Rd1 Kg6 69. Rc1 Kf6 70. Rxc7 Ke5 71. Rc1 Kd6 72. Rc6+ Kd7 73. Rxa6 Qg1
74. Rc6 Qa1 75. Rc2 Qxa4 76. Rd2 Kd6 77. Nd3 Qc4 78. Ke1 Qc3 79. Ke2 Qc4 80. Ke1 1/2-1/2

[Event "Frauenbundesliga 2011-12"]
[Site "Germany GER"]
[Date "2011.12.18"]
[Round "5.5"]
[White "Sikorska,D"]
[Black "Heyme,S"]
[Result "1/2-1/2"]
[WhiteElo "1957"]
[BlackElo "2110"]
[WhiteTeam "SV Chemie Guben"]
[BlackTeam "Rotation Pankow"]
[WhiteFideId "1170490"]
[BlackFideId "4624084"]
[EventDate "2011.10.29"]
[EventType "team"]

1. e4 d6 2. d4 Nf6 3. Nc3 g6 4. Bc4 Bg7 5. f3 c6 6. Be3 b5 7. Bb3 Nbd7 8. Qd2
Qc7 9. Bh6 Bxh6 10. Qxh6 a5 11. a4 b4 12. Nce2 c5 13. dxc5 dxc5 14. Bc4 Ba6 15.
Bxa6 Rxa6 16. Nh3 Qe5 17. Qc1 O-O 18. O-O Rc6 19. Nf2 Qc7 20. c4 Nh5 21. b3 Ng7
22. Qe3 f5 23. Nd3 e5 24. g3 Ne6 25. f4 Nd4 26. Nxd4 exd4 27. Qf3 fxe4 28. Qxe4
Nf6 29. Qf3 Re6 30. Rae1 Rfe8 31. Re5 Nd7 32. Rxe6 Rxe6 33. Qd5 Qc6 34. Qxc6 1/2-1/2

[Event "Frauenbundesliga 2011-12"]
[Site "Germany GER"]
[Date "2011.12.18"]
[Round "5.1"]
[White "Worek,J"]
[Black "Ohme,M"]
[Result "0-1"]
[WhiteTitle "WIM"]
[BlackTitle "WIM"]
[WhiteElo "2265"]
[BlackElo "2344"]
[WhiteTeam "TSV Schott Mainz"]
[BlackTeam "SF Friedberg 1891"]
[WhiteFideId "1118080"]
[BlackFideId "4690745"]
[EventDate "2011.10.29"]
[EventType "team"]

1. d4 Nf6 2. c4 g6 3. Nc3 Bg7 4. e4 d6 5. Bd3 O-O 6. Nge2 Nc6 7. O-O e5 8. d5
Nd4 9. Rb1 c5 10. dxc6 bxc6 11. b4 d5 12. cxd5 cxd5 13. Bg5 dxe4 14. Bxe4 Rb8
15. Nd5 Bb7 16. Nec3 Nxd5 17. Bxd8 Nxc3 18. Qe1 Rfxd8 19. Bxb7 Nxb1 20. Ba6 Nd2
21. Qc1 Nxf1 22. Bxf1 Rxb4 23. h4 Rdb8 24. Qc7 Rb1 25. Kh2 R8b2 26. Bc4 Rxf2 27.
Qxa7 Bh6 28. Kg3 Rbb2 29. Bd5 Rf1 30. Kg4 Be3 31. g3 h5+ 32. Kh3 Rh2+ 33. Kxh2
Nf3+ 34. Kg2 Rf2+ 0-1

[Event "Frauenbundesliga 2011-12"]
[Site "Germany GER"]
[Date "2011.12.18"]
[Round "5.3"]
[White "Frey,Al"]
[Black "Daulyte,D"]
[Result "0-1"]
[BlackTitle "WGM"]
[WhiteElo "2104"]
[BlackElo "2238"]
[WhiteTeam "TSV Schott Mainz"]
[BlackTeam "SF Friedberg 1891"]
[WhiteFideId "24634662"]
[BlackFideId "12802859"]
[EventDate "2011.10.29"]
[EventType "team"]

1. e4 d5 2. exd5 Nf6 3. d4 Nxd5 4. c4 Nb4 5. Qa4+ N8c6 6. d5 b5 7. cxb5 Bf5 8.
Na3 Qxd5 9. Be3 Qe4 10. Rd1 Nd3+ 11. Bxd3 Qxa4 12. Bxf5 Rd8 13. Rc1 e6 14. Bc2
Qa5+ 15. Ke2 Bxa3 0-1

[Event "Frauenbundesliga 2011-12"]
[Site "Germany GER"]
[Date "2011.12.18"]
[Round "5.4"]
[White "Nikolova,A"]
[Black "Voss,C"]
[Result "1-0"]
[WhiteTitle "WGM"]
[WhiteElo "2268"]
[BlackElo "1898"]
[WhiteTeam "SF Friedberg 1891"]
[BlackTeam "TSV Schott Mainz"]
[WhiteFideId "2908689"]
[BlackFideId "4664906"]
[EventDate "2011.10.29"]
[EventType "team"]

1. e4 e6 2. d4 d5 3. Nd2 Nf6 4. e5 Nfd7 5. f4 c5 6. c3 Nc6 7. Ndf3 c4 8. Ne2 b5
9. Ng3 Nb6 10. Qc2 g6 11. h4 h5 12. Be3 Bd7 13. Be2 b4 14. Ng5 a5 15. O-O Ne7
16. a3 bxc3 17. bxc3 Nf5 18. Nxf5 exf5 19. Bf3 Rb8 20. a4 Be7 21. Rfb1 O-O 22.
Bc1 Bc6 23. Ba3 Bxa3 24. Rxa3 Qd7 25. Re1 Rfe8 26. Bd1 f6 27. Nf3 Re6 28. Rf1
Qe7 29. Ra1 Nd7 30. Qf2 Kg7 31. Qg3 Rb2 32. Rf2 Rb8 33. Bc2 Kh6 34. Re2 Qe8 35.
Rae1 Rb6 36. Kf1 Bb7 37. exf6 Rxe2 38. Rxe2 Re6 39. Bxf5 Rxe2 40. Qg5+ Kh7 41.
Qxh5+ Kg8 42. Bxg6 Nxf6 43. Qg5 Rxg2 44. Kxg2 Qe7 45. Ne5 Kf8 46. h5 1-0

[Event "Frauenbundesliga 2011-12"]
[Site "Germany GER"]
[Date "2011.12.18"]
[Round "5.5"]
[White "Sautter,E"]
[Black "Genova,Ly"]
[Result "1/2-1/2"]
[BlackTitle "WIM"]
[WhiteElo "1996"]
[BlackElo "2259"]
[WhiteTeam "TSV Schott Mainz"]
[BlackTeam "SF Friedberg 1891"]
[WhiteFideId "4609000"]
[BlackFideId "2905612"]
[EventDate "2011.10.29"]
[EventType "team"]

1. e4 c5 2. Nc3 Nc6 3. f4 e6 4. Nf3 Nge7 5. d3 d5 6. g3 g6 7. Bg2 Bg7 8. O-O Rb8
9. a4 a6 10. h3 b5 11. axb5 axb5 12. e5 O-O 13. Ne2 f6 14. exf6 Bxf6 15. c3 Qb6
16. Be3 d4 17. Bf2 Nd5 18. cxd4 cxd4 19. Qb3 Ne3 20. Bxe3 dxe3 21. h4 Rd8 22.
Bh3 Ne7 23. d4 Nf5 24. Bxf5 gxf5 25. Qxe3 Bb7 26. Ne5 Qd6 27. Kf2 h5 28. Rfc1
Rdc8 29. Rxc8+ Rxc8 30. Rc1 Ra8 31. Qb3 b4 32. Qc4 Rc8 33. Qb5 Rxc1 34. Qe8+ Qf8
35. Qg6+ Qg7 36. Qe8+ Qf8 37. Qg6+ Qg7 38. Qe8+ 1/2-1/2

[Event "Frauenbundesliga 2011-12"]
[Site "Germany GER"]
[Date "2011.12.18"]
[Round "5.6"]
[White "Toth,Li"]
[Black "Krasnopeyeva,J"]
[Result "1-0"]
[WhiteTitle "WIM"]
[WhiteElo "2216"]
[BlackElo "1963"]
[WhiteTeam "SF Friedberg 1891"]
[BlackTeam "TSV Schott Mainz"]
[WhiteFideId "724130"]
[BlackFideId "24603910"]
[EventDate "2011.10.29"]
[EventType "team"]

1. d4 Nf6 2. c4 g6 3. Nc3 Bg7 4. e4 d6 5. Nf3 O-O 6. Be2 e5 7. O-O Nc6 8. d5 Ne7
9. b4 a5 10. bxa5 Rxa5 11. a4 c5 12. dxc6 bxc6 13. Ba3 c5 14. Qc2 Nc6 15. Nb5
Nd4 16. Nfxd4 exd4 17. h3 Re8 18. Bd3 Bb7 19. Rae1 Nh5 20. Bc1 Re6 21. Bd2 Ra8
22. f4 Ng3 23. Rf3 Nh5 24. g4 Nf6 25. f5 gxf5 26. gxf5 Re5 27. Bg5 Qd7 28. Rg3
Kh8 29. Bf4 Nh5 30. Bxe5 Bxe5 31. Rg4 Nf4 32. Rf1 Nxd3 33. Qxd3 Rxa4 34. f6 Qe6
35. Qf3 Rxc4 36. Rg8+ 1-0

[Event "Frauenbundesliga 2011-12"]
[Site "Germany GER"]
[Date "2012.01.21"]
[Round "6.1"]
[White "Socko,M"]
[Black "Ohme,M"]
[Result "1/2-1/2"]
[WhiteTitle "GM"]
[BlackTitle "WIM"]
[WhiteElo "2490"]
[BlackElo "2344"]
[WhiteTeam "Hamburger SK 1830"]
[BlackTeam "SF Friedberg 1891"]
[WhiteFideId "1106619"]
[BlackFideId "4690745"]
[EventDate "2011.10.29"]
[EventType "team"]

1. d4 Nf6 2. c4 g6 3. Nc3 Bg7 4. e4 d6 5. f3 O-O 6. Be3 c5 7. dxc5 dxc5 8. Qxd8
Rxd8 9. Bxc5 Nc6 10. Nge2 Nd7 11. Be3 Nde5 12. Nf4 Nb4 13. Rc1 Bh6 14. Ncd5 Bxf4
15. Nxf4 Nxa2 16. Ra1 Nb4 17. Rxa7 Rxa7 18. Bxa7 Nc2+ 19. Kf2 Rd2+ 20. Be2 Nxc4
21. Rd1 Rxd1 22. Bxd1 Nb4 23. b3 Ne5 24. Be2 g5 25. Nd5 Nxd5 26. exd5 Bf5 27.
Ke3 f6 28. Kd4 Kf7 29. Bb8 Nd7 30. Bc7 h5 31. b4 h4 32. Bc4 Ke8 33. g3 hxg3 34.
hxg3 Bc2 35. Be2 Kf7 36. Bb5 Ke8 37. Bf1 Bf5 38. Bg2 Kf7 39. f4 gxf4 40. gxf4
Nf8 41. Kc5 Nd7+ 42. Kc4 Bg4 43. Kb5 Be2+ 44. Ka5 Bd3 45. d6 e5 46. fxe5 fxe5
47. Bd5+ Ke8 48. Bxb7 e4 49. Bc6 e3 50. Bb6 e2 51. Bf2 Kd8 52. b5 Ne5 53. Kb6
Kc8 54. Ka7 Bc4 55. Bg3 Be6 56. Bh4 Nc4 57. b6 Nxd6 58. Bg3 Kd8 59. Bh4+ Kc8 60.
Ka8 Bg4 61. Be1 Kd8 62. Bb4 Bc8 63. Bf3 Ba6 64. Bg4 Bb7+ 65. Ka7 Be4 66. Kb8 Bd3
67. Be1 Ba6 68. Bh4+ Ke8 69. Ka7 Bd3 70. Kb8 Nc4 71. Kc7 Nxb6 72. Kxb6 Kf7 73.
Kc5 Kg6 74. Kd4 Ba6 75. Ke5 Bd3 76. Be6 Kh5 77. Bg3 Kg5 78. Be1 Kg6 79. Bd5 Kg5
80. Bc6 Kg4 81. Bd7+ Kf3 82. Kd4 Ba6 83. Bc6+ Kf4 84. Be4 Bb5 85. Bd2+ Kg3 86.
Ke3 Kg4 87. Kf2 Ba6 88. Bc6 Kf5 89. Kf3 Ke5 90. Bc3+ Kd6 91. Be4 Kc5 92. Be1 Kd4
93. Ba8 Bc4 94. Kf4 Bd5 95. Bf2+ 1/2-1/2

[Event "Frauenbundesliga 2011-12"]
[Site "Germany GER"]
[Date "2012.01.21"]
[Round "6.2"]
[White "Levushkina,E"]
[Black "Michna,Mart"]
[Result "1/2-1/2"]
[WhiteTitle "WGM"]
[BlackTitle "WGM"]
[WhiteElo "2324"]
[BlackElo "2396"]
[WhiteTeam "SF Friedberg 1891"]
[BlackTeam "Hamburger SK 1830"]
[WhiteFideId "14200686"]
[BlackFideId "1106686"]
[EventDate "2011.10.29"]
[EventType "team"]

1. e4 e6 2. d4 b6 3. Bd3 Bb7 4. Ne2 d6 5. O-O Nd7 6. Nd2 Ngf6 7. c3 c5 8. f4 Qc7
9. Ng3 h5 10. e5 h4 11. Nge4 Nxe4 12. Bxe4 g6 13. Qf3 d5 14. Bd3 Be7 15. Qg4
O-O-O 16. Nf3 Rdf8 17. Be3 Kb8 18. Ng5 Qc6 19. Bf2 Bc8 20. Qe2 c4 21. Bc2 b5 22.
Qe1 Qb6 23. Bxh4 Ka8 24. Nf3 Bxh4 25. Nxh4 b4 26. Nf3 bxc3 27. bxc3 Qa5 28. Qd2
Nb6 29. Rfb1 Qa3 30. Bd1 Bd7 31. Qb2 Qxb2 32. Rxb2 Ba4 33. Rb4 Bxd1 34. Rxd1 Rb8
35. Kf2 Kb7 36. Ng5 Rhf8 37. Ke3 Kc7 38. Rdb1 a5 39. Rb5 a4 40. R1b4 Rb7 41. h4
Rbb8 42. g3 Rb7 43. Rc5+ Kb8 44. Nh7 Rd8 45. Nf6 Nc8 46. Rxa4 Ne7 47. Rca5 Kc7
48. Ra8 Nf5+ 49. Kf3 Rxa8 50. Rxa8 Rb1 51. g4 Nxh4+ 52. Kg3 g5 53. fxg5 Ng6 54.
Ne8+ Kb7 55. Ra3 Rg1+ 56. Kf3 Nh4+ 57. Ke2 Rg2+ 58. Kf1 Rxg4 59. Nd6+ Kb8 60.
Ra5 Rxg5 61. Rb5+ Ka8 62. Ra5+ Kb8 63. Rb5+ Ka8 64. Rb7 Rg3 65. Rxf7 Rd3 66. Rf6
Nf3 67. Rxe6 Nd2+ 68. Ke1 Kb8 69. Nb5 Ne4 70. Rb6+ Kc8 71. Rc6+ Kd7 72. Rc7+ Ke6
73. a4 Nxc3 74. Rc6+ Kf5 75. Nxc3 Rxc3 76. Rd6 Ke4 77. e6 Kxd4 78. Kd2 Rd3+ 79.
Kc2 Re3 80. Kd2 c3+ 81. Kc2 Re2+ 82. Kd1 Re5 83. Kc2 Kc5 84. Rd7 d4 85. e7 Kc4
86. Rc7+ Kd5 87. a5 Re2+ 88. Kd1 d3 89. Rxc3 Rxe7 90. Rxd3+ Kc5 91. Rc3+ 1/2-1/2

[Event "Frauenbundesliga 2011-12"]
[Site "Germany GER"]
[Date "2012.01.21"]
[Round "6.3"]
[White "Hoolt,S"]
[Black "Daulyte,D"]
[Result "0-1"]
[WhiteTitle "WIM"]
[BlackTitle "WGM"]
[WhiteElo "2286"]
[BlackElo "2238"]
[WhiteTeam "Hamburger SK 1830"]
[BlackTeam "SF Friedberg 1891"]
[WhiteFideId "24606812"]
[BlackFideId "12802859"]
[EventDate "2011.10.29"]
[EventType "team"]

1. e4 d5 2. exd5 Nf6 3. Nf3 Nxd5 4. d4 g6 5. c4 Nb6 6. a4 a5 7. c5 Nd5 8. Bc4
Bg7 9. Qb3 e6 10. Bg5 Nf6 11. Nc3 h6 12. Bf4 O-O 13. Nb5 Na6 14. O-O Nd5 15. Bg3
Nab4 16. Ne5 Bd7 17. Rad1 Be8 18. f4 Qe7 19. Be1 Rd8 20. Bxd5 Nxd5 21. Bxa5 Bxb5
22. axb5 g5 23. g3 gxf4 24. gxf4 Nxf4 25. Rxf4 Bxe5 26. Rg4+ Bg7 27. Qg3 f5 28.
Rg6 f4 29. Qg4 Rf6 30. Be1 Rxg6 31. Qxg6 Qg5+ 32. Qxg5 hxg5 33. Bc3 Kf7 34. Kg2
Kg6 35. h3 Kf5 36. Rd2 Rd5 37. b4 Ke4 38. Ra2 Bxd4 39. Be1 b6 40. Ra7 bxc5 41.
Rxc7 cxb4 42. Rc4 Rxb5 43. Rxb4 Rxb4 44. Bxb4 e5 45. Be7 Kf5 46. Kf3 e4+ 47. Kg2
f3+ 48. Kg3 f2 0-1

[Event "Frauenbundesliga 2011-12"]
[Site "Germany GER"]
[Date "2012.01.21"]
[Round "6.5"]
[White "Ghader Pour,S"]
[Black "Genova,Ly"]
[Result "1/2-1/2"]
[WhiteTitle "WIM"]
[BlackTitle "WIM"]
[WhiteElo "2252"]
[BlackElo "2259"]
[WhiteTeam "Hamburger SK 1830"]
[BlackTeam "SF Friedberg 1891"]
[WhiteFideId "12500747"]
[BlackFideId "2905612"]
[EventDate "2011.10.29"]
[EventType "team"]

1. d4 Nf6 2. Nf3 e6 3. c4 b6 4. a3 Ba6 5. Qc2 Bb7 6. Nc3 c5 7. e4 cxd4 8. Nxd4
Bc5 9. Nb3 Nc6 10. Bg5 h6 11. Bh4 Nd4 12. Nxd4 Bxd4 13. Bd3 Qb8 14. Bg3 Be5 15.
O-O-O a6 16. Rhe1 O-O 17. Kb1 Bc6 18. Qd2 Bxg3 19. hxg3 e5 20. Nd5 Bxd5 21. exd5
Re8 22. Bf5 Qc7 23. Rc1 Qc5 24. Rh1 e4 25. Qf4 e3 26. Rxh6 exf2 27. Rhh1 Qe3 28.
Qh4 Qh6 29. Qd4 Qe3 30. Qh4 Qh6 31. Qd4 Qe3 32. Qh4 1/2-1/2

[Event "Frauenbundesliga 2011-12"]
[Site "Germany GER"]
[Date "2012.01.21"]
[Round "6.6"]
[White "Toth,Li"]
[Black "Dolgova,O"]
[Result "0-1"]
[WhiteTitle "WIM"]
[BlackTitle "WIM"]
[WhiteElo "2216"]
[BlackElo "2206"]
[WhiteTeam "SF Friedberg 1891"]
[BlackTeam "Hamburger SK 1830"]
[WhiteFideId "724130"]
[BlackFideId "4158296"]
[EventDate "2011.10.29"]
[EventType "team"]

1. d4 d5 2. c4 c6 3. Nc3 Nf6 4. cxd5 cxd5 5. Bf4 Nc6 6. e3 e6 7. Bd3 Bd6 8. Bxd6
Qxd6 9. f4 a6 10. Nf3 b5 11. Ne5 Bb7 12. O-O O-O 13. Qf3 Rac8 14. Rac1 Rc7 15.
g4 Rfc8 16. Qh3 Na5 17. f5 Ne4 18. fxe6 Qxe6 19. Rce1 Nc4 20. Nxc4 dxc4 21. Bxe4
Bxe4 22. Nxe4 Qxe4 23. Rf4 Qd5 24. Rf5 Qe4 25. Re5 Qd3 26. Qf3 b4 27. Rd1 Qc2
28. d5 Qxb2 29. Qe4 Rf8 30. d6 Rd7 31. Re8 Qf6 32. Rxf8+ Kxf8 33. Qc6 Qd8 34.
Qxa6 c3 35. Qc6 g6 36. e4 c2 37. Qxc2 Qb6+ 38. Kg2 Rxd6 39. Rxd6 Qxd6 40. h3 Qd4
41. Kf3 Kg7 42. g5 h6 43. gxh6+ Kxh6 44. Qb3 Kg7 45. Qd5 Qc3+ 46. Kg4 Qc8+ 47.
Kg3 f6 48. h4 Qc3+ 49. Kg4 Qe1 50. Qe6 Qe2+ 51. Kf4 Qf2+ 52. Kg4 Kh6 53. Qd5
Qg2+ 54. Kf4 f5 55. Qd8 Qxe4+ 56. Kg3 Qe3+ 57. Kg2 Kh5 58. Qh8+ Kg4 0-1

[Event "Frauenbundesliga 2011-12"]
[Site "Germany GER"]
[Date "2012.01.21"]
[Round "6.1"]
[White "Savina,A"]
[Black "Houska,Jo"]
[Result "1/2-1/2"]
[WhiteTitle "IM"]
[BlackTitle "IM"]
[WhiteElo "2336"]
[BlackElo "2427"]
[WhiteTeam "Bad Koenigshofen"]
[BlackTeam "Karlsruher SF 1853"]
[WhiteFideId "4196872"]
[BlackFideId "405094"]
[EventDate "2011.10.29"]
[EventType "team"]

1. d4 d5 2. c4 c6 3. Nc3 Nf6 4. Nf3 a6 5. e3 Bf5 6. Bd3 Bxd3 7. Qxd3 e6 8. O-O
Be7 9. e4 dxe4 10. Nxe4 Nxe4 11. Qxe4 Nd7 12. Rd1 O-O 13. Bf4 Qa5 14. Ne5 Rad8
15. Rd3 Nxe5 16. Bxe5 Bd6 17. Rh3 f5 18. Qh4 Bxe5 19. Qxh7+ Kf7 20. dxe5 Qxe5
21. Qh5+ g6 22. Qh7+ Qg7 23. Qxg7+ Kxg7 24. Re1 e5 25. Rhe3 e4 26. f3 exf3 27.
Rxf3 Rd2 28. Rf2 Rd4 29. b3 Rf7 30. Rfe2 a5 31. Kf2 a4 32. Re8 axb3 33. axb3 b5
34. cxb5 cxb5 35. Rb8 Rf4+ 36. Kg1 Rb4 37. Re5 Rc7 38. Rbxb5 Rc1+ 39. Kf2 Rc2+
40. Kf3 Rc3+ 41. Ke2 Rc2+ 42. Kf3 Rg4 43. g3 Rxh2 44. Re3 Rd2 45. Rc5 Kf6 46.
Rc4 Rxc4 47. bxc4 g5 48. g4 f4 49. Rb3 Rc2 1/2-1/2

[Event "Frauenbundesliga 2011-12"]
[Site "Germany GER"]
[Date "2012.01.21"]
[Round "6.2"]
[White "Schmidt,Jessica"]
[Black "Paikidze,N"]
[Result "1/2-1/2"]
[WhiteTitle "WGM"]
[BlackTitle "WGM"]
[WhiteElo "2265"]
[BlackElo "2412"]
[WhiteTeam "Karlsruher SF 1853"]
[BlackTeam "Bad Koenigshofen"]
[WhiteFideId "4636546"]
[BlackFideId "13603620"]
[EventDate "2011.10.29"]
[EventType "team"]

1. d4 Nf6 2. c4 e6 3. Nc3 Bb4 4. e3 O-O 5. Ne2 d5 6. a3 Be7 7. cxd5 exd5 8. Nf4
b6 9. Bd3 Bb7 10. O-O c5 11. Re1 Nbd7 12. Bf5 g6 13. Bh3 Nb8 14. g3 Na6 15. Bg2
Nc7 16. dxc5 bxc5 17. b4 Rb8 18. Bb2 d4 19. exd4 cxb4 20. axb4 Bxg2 21. Kxg2
Bxb4 22. d5 Bxc3 23. Bxc3 Ncxd5 24. Nxd5 Nxd5 25. Bd4 Rb7 26. Bc5 Rd7 27. Qf3
Re8 28. Rxe8+ Qxe8 29. Rxa7 Rxa7 30. Bxa7 Qa8 31. Bd4 Nc7 32. Qxa8+ 1/2-1/2

[Event "Frauenbundesliga 2011-12"]
[Site "Germany GER"]
[Date "2012.01.21"]
[Round "6.3"]
[White "Girya,O"]
[Black "Mader,Ma"]
[Result "1-0"]
[WhiteTitle "WGM"]
[BlackTitle "WIM"]
[WhiteElo "2390"]
[BlackElo "2190"]
[WhiteTeam "Bad Koenigshofen"]
[BlackTeam "Karlsruher SF 1853"]
[WhiteFideId "4195752"]
[BlackFideId "24612928"]
[EventDate "2011.10.29"]
[EventType "team"]

1. d4 Nf6 2. Nf3 g6 3. c4 Bg7 4. Nc3 d6 5. e4 O-O 6. Be2 Nbd7 7. Bg5 h6 8. Bh4
c6 9. O-O e5 10. d5 c5 11. Ne1 a6 12. a3 Qc7 13. Qc2 Nh7 14. Nd3 f5 15. exf5
gxf5 16. f4 b5 17. cxb5 axb5 18. Nxb5 Qb6 19. a4 Ba6 20. fxe5 dxe5 21. Bf2 Rfc8
22. Rac1 Bxb5 23. axb5 Qxb5 24. Nxe5 Qb7 25. Nc6 Re8 26. Bh5 Re4 27. Bf3 Ng5 28.
Bxe4 Nxe4 29. Ne7+ Kh8 30. Nxf5 Qxd5 31. Nxg7 Kxg7 32. Rcd1 1-0

[Event "Frauenbundesliga 2011-12"]
[Site "Germany GER"]
[Date "2012.01.21"]
[Round "6.4"]
[White "Heinatz,G"]
[Black "Zakurdjaeva,I"]
[Result "0-1"]
[WhiteTitle "WIM"]
[BlackTitle "WGM"]
[WhiteElo "2218"]
[BlackElo "2263"]
[WhiteTeam "Karlsruher SF 1853"]
[BlackTeam "Bad Koenigshofen"]
[WhiteFideId "4612434"]
[BlackFideId "4135504"]
[EventDate "2011.10.29"]
[EventType "team"]

1. d4 d5 2. Nf3 Nf6 3. c4 c6 4. Nc3 e6 5. g3 dxc4 6. a4 Bb4 7. Bd2 Nbd7 8. Bg2
a5 9. O-O O-O 10. Qc2 Qe7 11. e4 e5 12. Bg5 h6 13. Bxf6 Qxf6 14. d5 Nc5 15. Nd2
b5 16. axb5 cxb5 17. Rad1 Bg4 18. f3 Bd7 19. Kh1 Rfc8 20. h3 Nd3 21. Ne2 Nxb2
22. Qxb2 c3 23. Qa2 cxd2 24. f4 Rc4 25. Qb2 exf4 26. e5 Qb6 27. gxf4 Qe3 28. Ng1
Rac8 29. Rf3 Qe1 30. Rf1 Qe3 31. Rf3 Qd4 32. Qxd4 Rxd4 33. Ne2 Rxd5 0-1